[Event "SEM 2010: HT1"]
[Site "Lenzerheide"]
[Date "2010.07.11"]
[Round "4"]
[White "Klauser, Markus"]
[Black "Nuri, Kambez"]
[Result "0-1"]
[WhiteElo "2362"]
[BlackElo "2233"]
[PlyCount "86"]
[EventDate "2010.07.08"]
[EventCountry "SUI"]

{B67: Sizilianisch (Richter/Rauser-Angriff)} 1. e4 c5 2. Nf3 Nc6 3. Nc3 d6 4.
d4 cxd4 5. Nxd4 Nf6 6. Bg5 a6 7. Qd2 e6 8. O-O-O Bd7 9. f3 b5 10. Nxc6 Bxc6 11.
Ne2 Be7 12. Nd4 Bb7 13. h4 Rc8 14. Kb1 h6 15. Be3 Nd7 16. g4 d5 $146 (16... Ne5
17. Be2 Bxh4 18. Rxh4 Qxh4 19. Nxb5 O-O 20. Nxd6 Rc7 21. c4 Rd7 22. c5 Bc6 23.
Bd4 Qh2 24. f4 Bxe4+ 25. Nxe4 Nc6 26. Nd6 Nxd4 27. Bxa6 Qxd2 28. Rxd2 Nc6 29.
Bb5 Rc7 30. Bxc6 Rxc6 31. b4 {Berg,E (2606)-Hommeles,T (2410)/Gibraltar 2009/
1-0}) 17. g5 hxg5 18. Bh3 Ne5 (18... g4 $5 19. Bxg4 Bf6 (19... dxe4 $143 20.
Nxe6 fxe6 21. Bxe6 $18) 20. Nxe6 fxe6 21. Bxe6 Rc4 $16) 19. hxg5 $14 Nc4 (19...
Qc7 20. Nxe6 fxe6 21. Bxe6 Rf8 22. Bxc8 Nxf3 $14) 20. Qe2 Nxe3 (20... Qa5 21.
Bc1 dxe4 22. g6 $16) 21. Qxe3 Bxg5 22. f4 Be7 $2 (22... Bh4 $142 23. Qg1 Qe7
$16) 23. Bxe6 $18 Rxh1 24. Rxh1 fxe6 25. Rh8+ Kd7 (25... Kf7 26. Rxd8 Rxd8 27.
e5 $18) 26. Rxd8+ Bxd8 (26... Rxd8 27. Qh3 dxe4 28. Nxe6 $18) 27. f5 e5 28. Ne6
(28. exd5 $142 exd4 29. Qe6+ Kc7 30. Qe5+ Kb6 31. Qxd4+ Kc7 32. Qxg7+ Kb8 33.
Qe5+ Rc7 $18) 28... d4 29. Qa3 Be7 30. Qd3 Rh8 $2 (30... Bf6 $18) 31. a4 bxa4
32. Qc4 Rh1+ (32... Rc8 33. Qxa4+ Bc6 34. Qxa6 Bxe4 35. Nxd4 exd4 36. Qe6+ Kd8
37. Qxe4 $18) 33. Ka2 Bxe4 34. Qc7+ Ke8 35. Qxe5 (35. Nxg7+ $142 Kf7 36. Qd7
Bxc2 37. Qe8+ Kxg7 38. Qxe7+ Kh6 39. Qf6+ Kh7 40. Qg6+ Kh8 41. Qe8+ Kh7 42.
Qd7+ Kh6 43. Qc6+ Kg5 44. Qxh1 Bxf5 45. Qh2 $18) 35... Bxc2 36. Nxg7+ Kf8 37.
Ne6+ Ke8 38. Qb8+ (38. Nxd4 $6 Bb1+ 39. Ka1 Be4+ 40. Ka2 Bb1+ 41. Ka1 Be4+ 42.
Ka2 Bb1+ $11) 38... Kf7 39. Nd8+ (39. Nxd4 $6 Bb1+ 40. Ka1 Bxf5+ 41. Ka2 Bb1+
42. Ka1 Be4+ 43. Ka2 Bd5+ 44. b3 axb3+ 45. Kb2 Bf6 46. Qc7+ Kg6 $11) 39... Kg8
$2 (39... Bxd8 40. Qb7+ Kf6 41. Qxh1 Bb3+ 42. Kb1 Kxf5 43. Qh3+ Ke4 44. Qg4+
Ke5 45. Qg3+ Kf5 46. Qd3+ Ke5 47. Qe2+ Kf5 48. Qxa6 Bf6 $18) 40. Nc6+ (40. Qg3+
$142 Kf8 41. Ne6+ Ke8 42. Qg8+ Kd7 43. Nf8+ (43. Nxd4 Bb1+ 44. Ka1 Bxf5+ 45.
Ka2 Bb1+ 46. Ka1 Bh7+ 47. Ka2 Bxg8+ 48. b3 Rh2+ 49. Kb1 axb3 50. Ka1 Bf6 51.
Kb1 Bh7+ 52. Kc1 b2+ 53. Kd1 b1=Q#) 43... Bxf8 44. Qd5+ (44. Qxf8 $6 Bb3+ 45.
Ka3 a5 46. Qg7+ Kc8 47. Qf8+ Kd7 48. Qg7+ Kc8 49. Qf8+ Kd7 $11) 44... Bd6 45.
Qb7+ (45. Qxh1 $143 Bxf5 46. Qb7+ Ke6 $18) 45... Kd8 46. Qxh1 Bb3+ 47. Kb1 $18)
40... Bf8 41. Ne7+ $4 (41. Qg3+ $142 Kh8 42. Qe5+ Kh7 43. Qc7+ Kh8 44. Qe5+ Kh7
45. Qc7+ Kh8 46. Qe5+ $11 (46. Nxd4 Bb1+ 47. Ka1 Bxf5+ 48. Ka2 Bb1+ 49. Ka1
Bh7+ 50. Ka2 Bg8+ 51. b3 axb3+ 52. Kb2 Bg7 $19)) 41... Kf7 $19 42. f6 Bb3+ (
42... Bxe7 43. fxe7 Bb1+ 44. Ka3 Rh3+ 45. Kxa4 Bc2+ 46. b3 Bxb3+ 47. Kb4 Kxe7
48. Qc7+ Kf6 49. Qf4+ Ke7 50. Qg5+ Kd7 51. Qg7+ Kd6 52. Qxd4+ Bd5 53. Qf4+ Ke7
54. Qe5+ Be6 55. Kc5 $16) 43. Ka3 a5 (43... a5 44. Qxb3+ axb3 45. Kxb3 Rh3+ 46.
Kc4 d3 47. Nd5 d2 48. Nc3 Rxc3+ 49. Kxc3 d1=Q 50. Kc4 Qb3+ 51. Kxb3 Kxf6 52.
Kc2 Ke5 53. Kb3 Kd4 54. Ka4 Bb4 55. Kb3 Kd3 56. Ka2 Kc2 57. Ka1 a4 58. Ka2 Bc5
59. Ka1 Kb3 60. Kb1 Bd4 61. Kc1 Bxb2+ 62. Kd1 a3 63. Ke1 a2 64. Ke2 a1=Q 65.
Kf3 Qf1+ 66. Kg4 Bc1 67. Kg3 Qe2 68. Kh3 Bf4 69. Kh4 Qg2 70. Kh5 Qg5#) 0-1

[Event "IsBank TCh-TUR"]
[Site "Konya TUR"]
[Date "2010.06.29"]
[Round "1"]
[White "Borovikov, Vladislav"]
[Black "Drozdovskij, Yuri"]
[Result "1-0"]
[WhiteElo "2599"]
[BlackElo "2625"]
[PlyCount "53"]
[EventDate "2010.06.29"]
[EventType "team"]
[EventRounds "13"]
[EventCountry "TUR"]

{D39: Damengambit (Ragosin-Verteidigung)} 1. d4 Nf6 2. Nf3 d5 3. c4 e6 4. Nc3
dxc4 5. e4 Bb4 6. Bg5 c5 7. Bxc4 cxd4 8. Nxd4 Bxc3+ 9. bxc3 Qa5 10. Bb5+ Nbd7
11. Bxf6 Qxc3+ 12. Kf1 gxf6 13. h4 a6 14. Rh3 Qb4 (14... Qa5 15. Be2 Nc5 16.
Nb3 Nxb3 17. Qxb3 b6 18. Rd1 Bb7 19. Qb2 Qe5 20. Qxb6 Bxe4 21. Rg3 f5 22. Kg1
h6 23. Qb4 f4 24. Rg4 Rb8 25. Qa3 a5 26. Bf3 Rb4 27. Qc1 Ke7 28. Rxf4 Bxf3 29.
Rxf3 {Topalov,V (2718)-Van Wely,L (2700)/Wijk aan Zee 2001/1/2-1/2}) 15. Be2
Ne5 (15... O-O 16. Rb1 {Edouard,R (2620)-Drozdovskij,Y (2625)/Hastings ENG
2010/1/2-1/2}) 16. Rb3 $146 (16. h5 Qd6 (16... Bd7 17. Rb3 Qd6 18. Rxb7 Rd8 19.
Nb3 Qc6 20. Rb4 Qc7 21. Rc1 Nc6 22. Kg1 Qf4 23. Rbc4 O-O 24. R1c3 a5 25. Qc1
Qxc1+ 26. Rxc1 Ne5 27. Rd4 a4 28. Nc5 Bc6 29. Rxd8 Rxd8 30. f4 Rd2 31. fxe5 {
Gelfand,B (2719)-Naiditsch,A (2678)/Dresden 2008/1-0}) 17. Kg1 Bd7 18. Rb1 Rd8
19. Rc3 b5 20. Rbc1 b4 21. Rg3 Ke7 22. f4 Be8 23. fxe5 fxe5 24. Qe1 exd4 25.
Bd3 e5 26. h6 Bb5 27. Bxb5 axb5 28. Rg5 Rc8 29. Rxc8 Rxc8 30. Qh4 Rc1+ {
Shulman,Y (2648)-Naiditsch,A (2697)/Montreal 2009/0-1}) 16... Qd6 17. Rc1 b5
18. Qd2 Bb7 19. Rd1 Bxe4 (19... Rg8 $5 20. Qh6 Bxe4 21. Nxb5 Bxg2+ 22. Ke1 Nf3+
23. Bxf3 Qe5+ 24. Re3 Qxb5 25. Rxe6+ fxe6 26. Bh5+ Rg6 27. Bxg6+ hxg6 28. Qxg6+
Kf8 29. Qxf6+ Kg8 30. Qg6+ Kh8 31. Qxg2 Qe5+ 32. Kf1 Qb5+ 33. Ke1 Qe5+ 34. Kf1
Qb5+ 35. Ke1 $11) 20. Qf4 $14 Bd5 21. Qxf6 Ng6 (21... Rg8 $5 22. Nf5 Bxg2+ 23.
Ke1 Qc5 24. Ng7+ Rxg7 25. Qxg7 Ng6 $16) 22. Rg3 $16 Kd7 $4 (22... Rg8 $142 23.
Nf5 Qd8 24. Ng7+ Rxg7 25. Qxg7 Qxh4 $18) 23. Nf5 $1 $18 exf5 (23... exf5 24.
Qxf5+) (23... -- $140 24. Nxd6) 24. Qxf5+ Qe6 (24... Ke8 25. Rxd5 Ne7 $18) 25.
Rxd5+ (25. Qxd5+ $6 Qxd5 26. Rxd5+ Ke6 $16) 25... Kc7 26. Rc3+ Kb8 (26... Kb7
27. Rxb5+ $1 axb5 28. Qxb5+ Qb6 29. Bf3+ Ka7 30. Ra3+ Kb8 31. Qxb6+ Kc8 32.
Bg4+ f5 33. Bxf5#) 27. Rxb5+ $1 (27. Rxb5+ Qb6 28. Rxb6+ Ka7 29. Rcb3 Nxh4 30.
Qxf7#) 1-0

[Event "4. Kings Tournament"]
[Site "Medias ROU"]
[Date "2010.06.25"]
[Round "10"]
[White "Nisipeanu, Liviu Dieter"]
[Black "Ponomariov, Ruslan"]
[Result "0-1"]
[WhiteElo "2672"]
[BlackElo "2733"]
[PlyCount "46"]
[EventDate "2010.06.14"]
[EventType "team-tourn"]

{C49: Vierspringerspiel (Symmetrische Variante)} 1. e4 e5 2. Nf3 Nc6 3. Nc3 Nf6
4. Bb5 Bb4 5. O-O O-O 6. d3 d6 7. Bg5 Ne7 8. Nh4 c6 9. Bc4 d5 10. Bxf6 (10.
exd5 Nfxd5 11. Ne4 f6 12. Bc1 Kh8 13. a3 Bd6 14. Nxd6 Qxd6 15. Re1 Be6 16. Nf3
Bg4 17. Qe2 Ng6 18. h3 Bh5 19. Bxd5 cxd5 20. g4 Bxg4 21. hxg4 Rae8 22. Bd2 f5
23. Bb4 Qc6 24. Bxf8 Nf4 {Ponomariov,R (2550)-Mastrovasilis,A (2240)/Rimavska
Sobota 1996/EXT 1997/1-0 (40)}) 10... gxf6 11. Bb3 a5 $146 (11... Qd6 12. Qf3
Kh8 13. exd5 Bxc3 14. bxc3 cxd5 15. c4 d4 16. c5 Qc6 17. Qh5 Ng6 18. Qh6 Rg8
19. f3 Be6 20. Rae1 Rg7 21. Bxe6 fxe6 22. Nxg6+ Rxg6 23. Qh3 Qxc5 24. f4 Rag8
25. Re2 exf4 26. Qxe6 {Tarrasch,S-Yates,F/Karlsbad 1923/0-1}) 12. a3 Bxc3 13.
bxc3 a4 14. Ba2 Ng6 15. Qh5 Kh8 16. Kh1 Rg8 17. d4 (17. g3 $142 $5 $11) 17...
f5 18. Nxf5 Nf4 19. Qh6 $2 (19. Nh6 $142 Nxh5 20. Nxf7+ Kg7 21. Nxd8 Rxd8 22.
dxe5 $17) 19... Rg6 $19 20. Qh4 Bxf5 21. Qxd8+ Rxd8 22. exf5 Rxg2 23. dxe5 (23.
Rae1 e4 24. c4 $19) 23... Rdg8 (23... Rdg8 24. Rg1 Rxg1+ (24... Rxf2 $6 25. c4
Rxg1+ 26. Rxg1 $19) 25. Rxg1 Rxg1+ 26. Kxg1 Ne2+ 27. Kg2 Nxc3 $19) 0-1

[Event "4. Kings Tournament"]
[Site "Medias ROU"]
[Date "2010.06.17"]
[Round "4"]
[White "Carlsen, Magnus"]
[Black "Wang Yue"]
[Result "1-0"]
[WhiteElo "2813"]
[BlackElo "2752"]
[PlyCount "107"]
[EventDate "2010.06.14"]
[EventType "team-tourn"]

{C36: Königsgambit (Moderne Variante)} 1. e4 e5 2. f4 d5 3. exd5 exf4 4. Nf3
Nf6 5. Bc4 Nxd5 6. O-O Be7 7. Bxd5 Qxd5 8. Nc3 Qd8 9. d4 O-O 10. Bxf4 Bf5 $146
(10... c6 11. d5 Bf6 12. Be5 Bxe5 13. Nxe5 f6 14. dxc6 fxe5 15. Rxf8+ Qxf8 16.
Qd5+ Qf7 17. Qd8+ Qf8 18. Qd5+ {Conquest,S (2529)-Beliavsky,A (2654)/Saint
Vincent 2000/ 1/2-1/2}) 11. Qe2 Bd6 12. Bxd6 Qxd6 13. Nb5 Qd8 14. c4 a6 15. Nc3
Nd7 16. Rad1 Bg6 17. Qf2 Re8 18. h3 Rc8 19. Rfe1 Rxe1+ 20. Rxe1 c6 21. d5 Nf6
22. Qd4 cxd5 23. Nxd5 Nxd5 24. cxd5 Qd6 25. Ne5 Re8 26. Re3 Rd8 27. Nc4 Qf6 (
27... Qxd5 $4 28. Qxd5 Rb8 29. Qxb7 $18) 28. Re5 h6 (28... b5 $5 29. Nb6 Qd6
$11) 29. d6 $16 Bf5 30. Nb6 Be6 (30... Bd3 $1 31. d7 Bb5 $16) 31. d7 $16 Kh8
32. a4 g6 33. Qc3 Kg7 (33... Bxd7 $4 34. Re8+ $1 Kg7 35. Qxf6+ Kxf6 36. Rxd8
$18) 34. a5 h5 (34... Bxd7 $2 35. Rd5 Qxc3 36. bxc3 $18) 35. h4 Rxd7 (35...
Bxd7 $2 36. Rd5 Qxc3 37. bxc3 $18) 36. Nxd7 Bxd7 37. Qd4 Bc6 38. b4 Bb5 39. Kh2
Ba4 40. Rd5 Bc6 41. Qxf6+ Kxf6 42. Rc5 Ke6 43. Kg3 f6 44. Kf2 Bd5 45. g3 g5 $4
(45... Ke5 $142 $18) 46. g4 hxg4 47. h5 Be4 (47... Bc6 48. b5 Be4 49. Ke3 $18)
48. Rc7 f5 (48... Kd6 49. Ke3 f5 $18) 49. h6 f4 50. h7 g3+ 51. Ke1 f3 52. h8=Q
f2+ 53. Ke2 Bd3+ (53... Bg6 54. Qg8+ Ke5 55. Qg7+ Kf4 56. Qd4+ Kf5 57. Rc5+ Ke6
58. Qe5+ Kf7 59. Rc7+ Kf8 60. Qh8#) 54. Ke3 (54. Ke3 f1=R 55. Qc8+ Kf6 56. Qd8+
Kf5 57. Qxd3+ Kf6 58. Qxf1+ Ke5 59. Re7+ Kd5 60. Qd3+ Kc6 61. Qd7#) 1-0

[Event "SMM NL-A  Lausanne Le Joueur-Genf"]
[Site "Lausanne"]
[Date "2010.06.13"]
[Round "4.6"]
[White "Serban, Vlad"]
[Black "Landenbergue, Claude"]
[Result "1-0"]
[WhiteElo "2230"]
[BlackElo "2409"]
[PlyCount "49"]
[EventDate "2010.06.17"]
[EventCountry "SUI"]

{B05: Aljechin-Verteidigung (Moderne Variante)} 1. e4 Nf6 2. e5 Nd5 3. d4 d6 4.
Nf3 Bg4 5. Be2 c6 6. O-O Bxf3 7. Bxf3 dxe5 8. dxe5 e6 9. Nd2 Nd7 10. Re1 Qc7
11. Qe2 Be7 12. g3 O-O 13. Bg2 Rad8 $146 (13... a5 14. Nf3 Rfd8 15. h4 a4 16.
a3 Bc5 17. c3 Qb6 18. Bg5 Ne7 19. Rad1 h6 20. Bc1 Ng6 21. Kf1 Qa6 22. Qxa6 Rxa6
23. Rd3 Kf8 24. h5 Ne7 25. Red1 Ke8 26. Nd2 Nd5 27. Ne4 Be7 28. f4 {Bauer,C 
(2602)-Fernandez Garcia,J (2465)/Donostia ESP 2009/1/2-1/2}) 14. Nf3 b5 15. c4
bxc4 16. Qxc4 Nb4 17. Bg5 Nb6 18. Qh4 Rfe8 19. Re4 Nd3 $4 (19... N4d5 $142 $5
$14) 20. Rg4 $4 (20. Bf6 Bxf6 (20... gxf6 $143 21. Rg4+ Kh8 22. exf6 Qf4 23.
gxf4 Nc1 24. Ng5 Rd1+ 25. Bf1 Ne2+ 26. Kg2 Nxf4+ 27. Rxf4 h5 28. Qxh5+ Kg8 29.
Qxf7+ Kh8 30. Rh4#) 21. exf6 Nd5 $18) 20... g6 $2 (20... Bxg5 $142 21. Nxg5
Qxe5 22. Qxh7+ Kf8 $18) 21. Bf6 $18 Bxf6 (21... Nxb2 $4 22. Qxh7+ $3 Kxh7 23.
Rh4+ Kg8 24. Rh8#) 22. exf6 (22. Qxf6 $2 Nxf2 23. Rh4 Nd5 $19) 22... Qd6 (22...
Nd7 23. Rd4 Nxf6 24. Qxf6 Rxd4 25. Nxd4 c5 $18) 23. Ng5 h5 24. Ne4 Qd4 (24...
Qf8 25. Qxh5 Nd7 26. Rxg6+ fxg6 27. Qxg6+ Kh8 $18) 25. Qxh5 (25. Qxh5 Qxf6 26.
Nxf6+ Kg7 27. Nxe8+ Rxe8 28. Be4 $18) 1-0

[Event "Mitropa Cup 2010 Men"]
[Site "Chur, SUI"]
[Date "2010.06.05"]
[Round "8.3"]
[White "Huschenbeth, Niclas"]
[Black "Jenni, Florian"]
[Result "0-1"]
[WhiteElo "2457"]
[BlackElo "2520"]
[PlyCount "82"]
[EventDate "2010.??.??"]
[EventType "team-tourn"]
[WhiteTeam "GER"]
[BlackTeam "SUI"]

{C10: Französische Verteidigung (Rubinstein-Variante)} 1. e4 e6 2. d4 d5 3. Nc3
dxe4 4. Nxe4 Nd7 5. Nf3 Ngf6 6. Bd3 Nxe4 7. Bxe4 Nf6 8. Bg5 h6 (8... Qd6 9.
Bxf6 gxf6 10. Qe2 Bg7 11. O-O O-O 12. c3 f5 13. Bc2 b6 14. Ne5 (14. Rad1 Bb7
15. Bb3 Rad8 16. Rfe1 Qf4 17. Ne5 {1/2-1/2 Predojevic,B (2628)-Kosic,D (2501)/
Zlatibor 2007/CBM 120 ext}) 14... Bb7 15. Bb3 c5 16. Rad1 cxd4 17. cxd4 Rad8
18. Qh5 Qe7 19. Rfe1 Bd5 20. Re3 Bxe5 21. dxe5 Bxb3 22. Rxb3 Qh4 23. Qe2 {
Bologan,V (2682)-Anastasian,A (2596)/Stepanakert 2005/CBM 110/1/2-1/2 (42)}) 9.
Bxf6 Qxf6 10. O-O $146 (10. Qe2 c6 (10... a6 11. O-O-O Bd6 12. Kb1 O-O 13. h4
Qe7 14. g4 f5 15. Bd3 Bd7 16. g5 h5 17. Rhe1 g6 18. d5 e5 19. Nxe5 Rfe8 20. f4
Qg7 21. Qh2 Re7 22. Re2 Be8 23. Rde1 Kf8 24. a3 Rd8 25. Qf2 {Short,N (2676)
-Zhu Chen (2482)/Gibraltar 2006/CBM 110 ext/1-0 (46)}) 11. Ne5 Bd7 (11... Rb8
12. f4 Bb4+ 13. c3 Bd6 14. Qe3 Qe7 15. O-O-O Bd7 16. g4 Kd8 17. c4 Kc7 18. Nd3
g5 19. c5 Bxf4 20. Nxf4 gxf4 21. Qa3 Qh4 22. Qa5+ Kc8 23. Qc3 Rg8 24. Bf3 a6
25. Rd2 Rd8 26. Qd3 {Sutovsky,E (2657)-Shachar,E (2374)/Tel Aviv 2002/CBM 093/
1-0 (55)}) 12. O-O-O Bd6 13. Kb1 O-O-O 14. f4 Be8 15. h4 Qe7 16. g3 Qc7 17. Nc4
Be7 18. h5 Kb8 19. a3 c5 20. d5 exd5 21. Bxd5 Bf6 22. Rhe1 Bb5 23. Qf3 Rd7 24.
Qb3 Bc6 {Timofeev,A (2646)-Rychagov,A (2542)/Sochi 2006/CBM 111 ext/1-0 (53)})
10... Bd6 11. c4 c6 12. Qe2 Bd7 13. b4 {Will c5 spielen} O-O (13... Bxb4 $2 14.
Rab1 c5 15. a3 $18) 14. c5 Bc7 15. Ne5 Rfd8 (15... Bxe5 $143 16. dxe5 Qe7 17.
Rad1 $16) 16. a4 Be8 (16... Bxe5 $143 17. dxe5 Qg5 18. Rad1 $18) 17. Rad1 $4 (
17. Nf3 $142 $11) 17... Rxd4 $1 $19 (17... Bxe5 18. dxe5 Qg5 19. Rd6 $18) 18.
Ng4 (18. Rxd4 Qxe5 {Kombination}) 18... Qd8 19. Bc2 Rxd1 20. Rxd1 Qe7 21. a5
Rd8 22. Rd3 Qg5 23. Ne3 $2 (23. Rxd8 $142 Qxd8 24. Qe4 $19) 23... Qf4 24. g3
Qxb4 25. Rb3 Qxc5 26. Rxb7 Bxa5 27. Qg4 Bc3 28. Qe4 g6 29. Qh4 Qg5 30. Qxg5
hxg5 31. Rxa7 Bd4 32. Rc7 c5 33. Be4 Bb5 34. g4 (34. h3 f5 35. Bb7 Kf8 $19)
34... Rd7 35. Rc8+ Kg7 36. Kg2 Kf6 37. Kf3 Ra7 38. Rb8 Ba6 39. Bc2 Ke5 40. Bb3
Bxe3 41. Kxe3 Rb7 (41... Rb7 42. Rxb7 Bxb7 $19) 0-1

[Event "Mitropa Cup 2010 Men"]
[Site "Chur, SUI"]
[Date "2010.06.01"]
[Round "4.1"]
[White "Gallagher, Joe"]
[Black "Borisek, Jure"]
[Result "1-0"]
[WhiteElo "2493"]
[BlackElo "2561"]
[PlyCount "87"]
[EventDate "2010.??.??"]
[EventType "team-tourn"]
[WhiteTeam "SUI"]
[BlackTeam "SLO"]

{C95: Spanische Partie (Breyer-Variante)} 1. e4 e5 2. Nf3 Nc6 3. Bb5 a6 4. Ba4
Nf6 5. O-O Be7 6. Re1 b5 7. Bb3 d6 8. c3 O-O 9. h3 Nb8 10. d4 Nbd7 11. Nbd2 Bb7
12. Bc2 Re8 13. Nf1 Bf8 14. Ng3 g6 15. b3 c6 16. Bg5 Bg7 17. Qd2 Nf8 (17... Qc7
18. a4 (18. Rad1 Nf8 19. Be3 Rad8 20. Qc1 Ne6 21. c4 bxc4 22. bxc4 c5 23. d5
Nd4 24. Ba4 Nd7 25. Bd2 Ra8 26. Nh2 Rf8 27. Bc3 a5 28. Qd2 Nb6 29. Bb5 {Negi,P
(2621)-Sriram,J (2511)/Gurgaon IND 2010/ 1/2-1/2}) 18... d5 19. dxe5 Nxe5 20.
Nxe5 Qxe5 21. Bf4 Qe6 22. e5 Nd7 23. Bh6 Bh8 24. f4 Qe7 25. Re3 Nf8 26. Rf1 c5
27. f5 d4 28. cxd4 cxd4 29. fxg6 hxg6 30. Nf5 gxf5 31. Rg3+ Ng6 32. Bxf5 {
Carlsen,M (2581)-Shirov,A (2726)/Drammen 2005/1-0}) 18. a4 Qc7 19. Kh1 $146 (
19. b4 N6d7 (19... Rad8 20. Bb3 Ne6 21. Bh6 Qe7 22. Nf5 gxf5 23. exf5 e4 24.
fxe6 fxe6 25. Qg5 Kh8 26. Nd2 Bxh6 27. Qxh6 d5 28. f3 Rg8 29. fxe4 Rg6 30. Qf4
Qg7 31. Re2 Rg8 32. Qh2 Rg3 33. e5 Nh5 34. Rf1 {Van den Doel,E (2602)-Gyimesi,
Z (2580)/Vlissingen 2002/0-1}) 20. Bb3 c5 21. bxc5 dxc5 22. d5 c4 23. Bc2 Rab8
24. Nh2 h5 25. Reb1 Bc8 26. Be3 Nc5 27. axb5 axb5 28. f4 exf4 29. Bxf4 Be5 30.
Bxe5 Qxe5 31. Ngf1 Qd6 32. Qd4 Bd7 33. Nf3 f6 34. N1d2 {Svidler,P (2695)-Liang
Chong (2556)/Shanghai 2001/1/2-1/2}) 19... Ne6 20. Be3 Nd7 21. Ra2 Rad8 22. Bh6
Nf6 23. b4 Bh8 (23... c5 24. Bxg7 Kxg7 25. axb5 axb5 26. d5 $11) 24. Qc1 Nd7
25. Bb3 d5 26. axb5 axb5 27. Rd2 Qd6 (27... exd4 28. Nxd4 Nb6 29. Nxe6 Rxe6 30.
f4 $11) 28. exd5 (28. Rde2 $142 $16) 28... cxd5 $15 29. dxe5 Nxe5 (29... Bxe5
$2 30. Ne4 $1 (30. Nxe5 Nxe5 31. Ne4 Qe7 $16) 30... Qb8 31. Nxe5 Qxe5 32. Nc5
Ndxc5 33. Rxe5 (33. bxc5 $6 Qb8 $11) 33... Nxb3 34. Qf1 Nxd2 35. Bxd2 $18) 30.
Nxe5 Bxe5 31. Rde2 (31. Rd3 Bc6 $11) 31... Bxg3 (31... Bh8 $142 $5 $17) 32.
fxg3 $15 Qxg3 33. Re3 Qf2 (33... Qd6 34. Qd2 $15) 34. Rf3 (34. Bg5 $142 $1 d4
35. R3e2 Bxg2+ 36. Kh2 $11) 34... Qh4 $15 {Schwarz bereitet d4 vor} 35. Kh2 Rc8
36. Qd2 d4 $4 (36... Bc6 $142 $15) 37. Rxf7 $18 Kxf7 38. Bg5 Qxe1 (38... Qg3+
39. Kxg3 Rxc3+ 40. Kh2 Rxb3 41. Rxe6 Kxe6 42. Qe2+ Kd7 43. Qxb5+ Bc6 44. Qc4
Rxb4 45. Qxb4 $18) 39. Qxe1 dxc3 (39... Rc4 40. Qe5 Ba6 (40... dxc3 $4 41. Qxb5
Nxg5 42. Bxc4+ Kf8 43. Qxg5 $18) (40... Nxg5 $4 41. Qxb5 Bc8 42. Bxc4+ Be6 43.
cxd4 $18) 41. cxd4 Nxg5 42. Qxg5 Kg7 43. Bxc4 bxc4 $18) 40. Qe5 Rc4 41. Qxb5
Rc7 42. Qe5 Rc6 43. Qf6+ Kg8 44. Bh6 (44. Bh6 Rc4 45. Bxc4 Bd5 46. Bxd5 c2 47.
Qg7#) 1-0

[Event "FIDE GP"]
[Site "Astrakhan RUS"]
[Date "2010.05.21"]
[Round "10"]
[White "Eljanov, Pavel"]
[Black "Leko, Peter"]
[Result "1-0"]
[WhiteElo "2751"]
[BlackElo "2735"]
[PlyCount "85"]
[EventDate "2010.05.10"]
[EventType "tourn"]
[EventRounds "13"]
[EventCountry "RUS"]
[EventCategory "20"]

{D31: Damengambit (Halbslawisch)} 1. d4 d5 2. c4 c6 3. Nc3 Nf6 4. e3 e6 5. b3
Nbd7 $146 (5... c5 6. Bb2 cxd4 7. exd4 Nc6 8. Nf3 Be7 9. Rc1 Ne4 10. Bd3 Nxc3
11. Bxc3 Ba3 12. Ra1 Bb4 13. Bxb4 Nxb4 14. Bb1 Nc6 15. O-O O-O 16. Qd3 g6 17.
Qe3 Bd7 18. Bd3 Qf6 19. Rac1 Rfe8 20. Ne5 {Moiseenko,A (2646)-Illescas Cordoba,
M (2598)/Kreta 2007/0-1}) (5... Bb4 6. Bd2 dxc4 7. Bxc4 O-O 8. Nf3 Nbd7 9. O-O
Qe7 10. Qc2 e5 11. Rad1 exd4 12. Nxd4 Ne5 13. Be2 Bd7 14. Ne4 Nxe4 15. Qxe4
Rfe8 16. Nf5 Bxf5 17. Qxf5 a5 18. Bc1 a4 19. f4 Ng6 20. Rd7 {Eingorn,V (2604)
-Al Sayed,M (2405)/Oberwart 2002/1/2-1/2}) 6. Bb2 Bd6 7. Bd3 O-O 8. Nge2 b6 9.
O-O Bb7 10. Ng3 c5 11. Nb5 Be7 12. Qe2 cxd4 13. exd4 (13. Bxd4 $143 a6 14. Bxf6
Bxf6 $19 (14... Nxf6 $6 15. Nd4 $17)) (13. Nxd4 $6 Nc5 14. Bc2 dxc4 15. bxc4
Ncd7 $11) 13... Nb8 14. Qe3 Nc6 15. Rac1 Rc8 16. Rfd1 Re8 17. Bf1 Bf8 18. h3
Qd7 19. Be2 Red8 20. Bf1 a6 21. Nc3 Na5 (21... dxc4 $5 22. bxc4 Nxd4 $15) 22.
cxd5 $11 Nxd5 23. Nxd5 Qxd5 24. Ne2 b5 25. Nf4 Qg5 26. Nd3 Qxe3 27. fxe3 Be4
28. Nc5 Bxc5 29. dxc5 Rd5 30. Bc3 Nc6 (30... Rdxc5 $2 31. b4 R5c7 32. bxa5 $18)
31. b4 Rb8 32. a4 f6 33. Rxd5 Bxd5 34. axb5 axb5 35. Ra1 Kf7 36. Bd3 Bc4 37.
Be4 (37. Bxh7 $143 g6 $17) 37... Bd5 (37... Ne7 $16) 38. Bd3 (38. Bxd5 $5 exd5
39. Ra6 Nd8 $18) 38... Bc4 $16 39. Be4 (39. Bxh7 $143 g6 40. Rd1 Bd5 $15) 39...
Bd5 40. Bxd5 (40. Bxh7 g6 $19) 40... exd5 41. Ra6 Ne7 (41... Nd8 $18) 42. Rb6
d4 $2 (42... Re8 43. Rxb5 Nf5 44. Rb7+ Kg6 $18) 43. Bxd4 (43. Bxd4 Rxb6 44.
cxb6 $18) (43. Rxb8 $6 dxc3 44. Ra8 c2 $11) 1-0